| 000 | 005360000a22001810004500 | ||
|---|---|---|---|
| 003 | MACL | ||
| 005 | 20160310161044.0 | ||
| 008 | 160310b xxu||||| |||| 00| 0 eng d | ||
| 040 |
_aMACL _cMACL |
||
| 041 | _aHindi | ||
| 082 | _a891.433 | ||
| 100 |
_aगुलशन नन्दा ब्रजेन्द्र _944635 |
||
| 245 | _aरूपमती | ||
| 260 |
_bएन डी सहगल एण्ड संस _c1971 _aदिल्ली |
||
| 350 | _a9 | ||
| 650 |
_aNovel _944636 |
||
| 942 |
_cHIN _k891.433 _2ddc |
||
| 999 |
_c27845 _d27845 |
||